Normal view
MARC view
- Nuclear reactors
Entry Topical Term
001 - CONTROL NUMBER
- control field: 40082
003 - CONTROL NUMBER IDENTIFIER
- control field: NUST
005 - DATE AND TIME OF LATEST TRANSACTION
- control field: 20210314131647.0
008 - FIXED-LENGTH DATA ELEMENTS
- fixed length control field: 210314|| aca||aabn | a|a d
040 ## - CATALOGING SOURCE
- Original cataloging agency: NUST
- Transcribing agency: NUST
150 ## - HEADING--TOPICAL TERM
- Topical term or geographic name entry element: Nuclear reactors
670 ## - SOURCE DATA FOUND
- Source citation: Work cat.: (NUST): Weinberg, Alvin Martin, 40081, The physical theory of neutron chain reactors,, [1958]
